| 000 | 00708nam a2200241 i 4500 | ||
|---|---|---|---|
| 001 | bg | ||
| 100 | 1 | _aCHŁĘDOWSKA, Krystyna. | |
| 245 | 1 | 0 |
_aProblemy fizyki z rozwiązaniami. _nCz. 1 / _cKrystyna Chłędowska, Roman Sikora. |
| 260 |
_aRzeszów : _bOficyna Wydawnicza Politechniki Rzeszowskiej, _c2001. |
||
| 300 |
_a280, [1] s. : _bil. ; _c24 cm. |
||
| 500 | _aNa s. 4 okł. błędny ISBN. | ||
| 504 | _aBibliogr. | ||
| 650 | 9 | _aFizyka | |
| 655 | _aPodręczniki akademickie | ||
| 700 | 1 | _aSIKORA, Roman | |
| 020 | _a8371991991 (cz. 1) | ||
| 040 | _cBPK | ||
| 041 | 0 | _apl | |
| 080 | _a53(075.8) | ||
| 920 | _a83-7199-199-1 (cz. 1) | ||
| 942 | _cKS | ||
| 008 | s pl f |000 0 pol | ||
| 999 |
_c42413 _d42413 |
||
| 856 |
_uhttp://koha.tu.koszalin.pl/cgi-bin/koha/opac-detail.pl?biblionumber=42413 _yKatalog online BPK |
||